00633nam a2200193Ia 4500003000900000008004100009040001600050080001900066100001900085245014100104260003300245300001000278500002600288650004100314650002700355650002000382700001600402700002100418IN-BaIIA211028s9999 xx 000 0 eng d cIIA Library a512.9bKRA-1,2 aKrasnov, M. L. 0aVector analysisba revision of young manual of astronomycKrasnov M. L., Kiselev A. and Makarenko G. I. ; translated by George Yankovsky aMoscowbMIR Publishersc1981 a190p. aDonated by Mrs. Bappu aAstronomy and Astrophysics Thesaurus aDifferential Equations aVector Analysis aKiselev, A. aMakarenko, G. I.